Lagos más Grandes por Superficie - Estadísticas

Estadísticas generales
  • Esta prueba ha sido intentada 140 veces
  • La puntuación promedio es 9 de 18
Estadísticas de respuestas
Superficie Lago % Correcto
69 485 Victoria
88%
371 900 Mar Caspio
83%
31 500 Baikal
81%
57 750 Míchigan
75%
82 414 Superior
74%
19 477 Ontario
64%
25 719 Erie
60%
59 596 Hurón
60%
30 044 Malawi
50%
18 130 Ládoga
44%
32 897 Tanganica
42%
31 080 Gran Lago del Oso
36%
9 980 Onega
33%
28 930 Gran Lago del Esclavo
28%
23 553 Winnipeg
24%
18 428 Baljash
21%
12 500 Vostok
9%
15 100 Bangweulu
6%
No se encontraron pruebas coincidentes
Distribución de puntuación
Porcentaje de gente con cada puntuación
Porcentaje por número respondido
Historial de tus puntuaciones
No has intentado esta prueba.